Music Quiz

Random Music or Lyrics Quiz
Score 0/50 Timer 08:00
0 Plays Today
Incomplete lyric Missing lyric % Correct
She will ___ loved???
91.1%
We're all right where we should ___ ???
91.1%
___ eyed girl ???
86.7%
Here's my number ___ me maybe???
86.7%
I never thought i'd ___ alone, I laughed the loudest who'd of known???
82.2%
Live and let ___???
82.2%
Stacy can't you see you're just not the ___ for me???
77.8%
It's too ___ to apologize???
75.6%
Take me down to the ___ city???
71.1%
If today was your ___ day???
71.1%
When you see my ___ hope it gives you hell???
66.7%
Welcome to the ___???
64.4%
So give me ___ good reason???
64.4%
Take a ___ song, and make it better???
62.2%
Couldn't cut it as a poor man ___???
62.2%
Well it's a ___ sweet symphony???
57.8%
___ as you are???
55.6%
Why does it always ___ on me???
55.6%
There's many ___ I wish I didn't do???
51.1%
You're my ___???
51.1%
You cant play on broken ___???
51.1%
I talk to ___ as much as I talk to satan???
46.7%
I keep a close watch on this ___ of mine???
44.4%
___ supernova in the sky???
44.4%
Stuck on the ___ looking in???
44.4%
Incomplete lyric Missing lyric % Correct
Waving your ___ all over the place???
40%
It's nine in the ___ your eyes are the size of the moon???
37.8%
You say sit down it's just a ___???
35.6%
But I'm a busy little ___???
33.3%
The roast beef combo is ___ ninety five???
33.3%
She could kill with her ___ ???
33.3%
The best ___ I found is don't look down???
31.1%
I'll eat my ___ with the pork and beans ???
31.1%
I'm not a ___ person???
28.9%
Down with the ___ majority???
28.9%
Now your ___ comes to life???
26.7%
You were a ___ crawling on your knees???
24.4%
It's got ___ seats???
20%
You're my rock of ___ my dear???
20%
L.A ___ ???
20%
The ___ of the day???
17.8%
And you're a pretty little___???
15.6%
Kids will have ___ ???
15.6%
You see more your ___ than you do your kids???
15.6%
I need the ___ and the fresh sea air of the town???
13.3%
You got ___ going in, you got ___ comin' out of your skin???
11.1%
Feeling a ___ slip away???
8.9%
I only wanna be part of your ___???
6.7%
I lost my ___ in the summer time???
6.7%
Heart locked in a gran ___???
6.7%
Remove Ads.
Support Sporcle.
Get the best of Sporcle when you Go Orange. This ad-free experience offers more features, more stats, and more fun while also helping to support Sporcle. Thank you for becoming a member.

You're not logged in!

Compare scores with friends on all Sporcle quizzes.
OR
Log In

Show Comments

Extras

Created Jun 28, 2012ReportNominate
Tags:Lyrics Quiz, Song Quiz, hard

Top Quizzes Today


Score Distribution

Your Account Isn't Verified!

In order to create a playlist on Sporcle, you need to verify the email address you used during registration. Go to your Sporcle Settings to finish the process.

Report this User

Report this user for behavior that violates our Community Guidelines.

Details: